|
|
|
|
| LEADER |
00743cam a2200229 7i4500 |
| 001 |
0000027636 |
| 005 |
20090622090000.0 |
| 008 |
090622 eng |
| 020 |
|
|
|a 9781406612790 (pbk.)
|
| 090 |
0 |
0 |
|a BF431
|b .B88 2006
|
| 100 |
1 |
|
|a Buzan, Tony
|
| 245 |
0 |
4 |
|a The mind map book
|c Tony Buzan ; with Barry Buzan.
|
| 250 |
|
|
|a Full-colour ill. ed.
|
| 260 |
|
|
|a London:
|b BBC Books,
|c 2006.
|
| 300 |
|
|
|a 328 p.:
|b col. ill.;
|c 25 cm.
|
| 504 |
|
|
|a Includes bibliographical references and index
|
| 650 |
0 |
0 |
|a Intellect
|
| 650 |
0 |
0 |
|a Brain
|
| 650 |
0 |
0 |
|a Thought and thinking
|
| 700 |
1 |
|
|a Buzan, Barry
|
| 999 |
|
|
|a 0000036863
|b BOK
|c OPEN SHELF
|e 1st Floor, Bestari Jaya
|
| 999 |
|
|
|a 0000041542
|b BOK
|c OPEN SHELF
|e 1st Floor, Shah Alam
|